| 000 | 00707nam a22002657a 4500 | ||
|---|---|---|---|
| 001 | BR9705127 | ||
| 003 | BR-BrBNA | ||
| 005 | 20230928095749.0 | ||
| 007 | ta | ||
| 008 | 230509b bl.||||| |||| 00| 0 por d | ||
| 040 |
_aBR-BrBNA _bpor _cBiblioteca Nacional de Agricultura |
||
| 041 | _a(Por) | ||
| 072 | _aE40; B50 | ||
| 090 | _ E40 BR9705127 | ||
| 110 | 1 |
_aSindicato e Organizacao das Cooperativas do Estado de Goias, Goiania (Brasil) _99532 |
|
| 245 | 1 | _aO cooperativismo em Goias | |
| 250 | 1 | _a2. ed. | |
| 260 | 3 |
_aGoiania, GO (Brasil): _c1996. |
|
| 300 | _a31 p. | ||
| 650 | _aCooperativa | ||
| 650 | _aHistoria | ||
| 650 | _aGoias | ||
| 909 |
_a202309 _bLucia _c55 _dLucia Elande |
||
| 942 | _cBK | ||
| 999 |
_c58526 _d58526 |
||